000 00876nam a22001457a 4500
008 110616t xxu||||| |||| 00| 0 eng d
010 _aCACAF46
245 _aCourt of Appeal Criminal Appeal No. 21 OF 2000 Ndeeba Wilber and another Vs Uganda
260 _c2000
500 _aCoram: Hon. Lady Justice A.E. Mpagi-Bahigeine, JA Hon. Justice S.G. Engwau, JA Hon. Justice C.N.B. Kitumba, JA
500 _aAppeal against the sentence passed by the High Court at Mbarara Musoke-Kibuka J dated 17th April 2000 in Criminal Session Case No. 24 of 1988
999 _c3083
_d3083